| 000 | 00430 a2200145 4500 | ||
|---|---|---|---|
| 999 |
_c9598 _d9598 |
||
| 022 | _Ino issn | ||
| 050 | 0 | 0 | _aKQE 574 ALL 1964 |
| 100 | 1 |
_aAllen, C.J. _eeditor |
|
| 245 | 1 | 2 |
_aThe Rhodesia and Nyasaland law reports 1964 and consolidated index : _cC.J. Allen _b1956-1964 |
| 264 |
_aSouth Africa: _bButterworths, _c1964 |
||
| 300 | _a350p.; | ||
| 500 | _aIncludes index | ||
| 650 | 0 | _aBemba language | |
| 942 |
_2lcc _cBK _h574 _iALL _kKQE |
||